[Event "95th Caplin Hastings Congress"]
[Site "Hastings"]
[Date "2020.01.01"]
[Round "5.19"]
[White "Makkar, Rajat"]
[Black "Terentiev, Sergei"]
[Result "1-0"]
[WhiteElo "2137"]
[BlackElo "2292"]
[Annotator "RC"]
[PlyCount "69"]
[EventDate "2019.12.28"]
[EventType "swiss"]
[EventCountry "ENG"]
[SourceTitle "playchess.com"]
[Source "ChessBase"]
[SourceQuality "1"]
[TimeControl "40/6600+30:3000+30"]

1. d4 {[%emt 0:14:28]} b5 {[%emt 0:09:40]} 2. e4 {[%emt 0:01:29]} Bb7 {[%emt 0:00:09]} 3. Bd3 {[%emt 0:00:28]} c5 {[%emt 0:02:45]} 4. c3 {[%emt 0:01:04]} cxd4 {[%emt 0:06:17]} 5. cxd4 {[%emt 0:00:53]} Nf6 {[%emt 0:00:58]} 6. Nd2 {[%emt 0:01:50]} Qb6 {[%emt 0:01:57]} 7. Ngf3 {[%emt 0:05:15]} Nc6 {[%emt 0:01:48]} 8. d5 {[%emt 0:04:57]} Nb4 {[%emt 0:00:38]} 9. Bb1 {[%emt 0:03:04]} a5 {[%emt 0:00:54]} 10. O-O {[%emt 0:03:24]} e6 {[%emt 0:06:06]} 11. a3 {[%emt 0:04:42]} Na6 {[%emt 0:01:04]} 12. d6 {[%emt 0:01:43]} e5 {[%emt 0:01:25]} 13. Nxe5 {[%emt 0:02:08]} Bxd6 {[%emt 0:09:52]} 14. Ndc4 {[%emt 0:03:22]} bxc4 {[%emt 0:01:48]} 15. Nxc4 {[%emt 0:00:20]} Bxh2+ {[%emt 0:02:36]} 16. Kxh2 {[%emt 0:00:30]} Qc7+ {[%emt 0:00:21]} 17. Nd6+ {[%emt 0:00:27]} Kf8 {[%emt 0:00:10]} 18. e5 {[%emt 0:01:45]} Ne8 {[%emt 0:01:35]} 19. Nxb7 {[%emt 0:14:04]} Qxb7 {[%emt 0:02:48]} 20. Ba2 {[%emt 0:01:09]} Rc8 {[%emt 0:08:34]} 21. b4 {[%emt 0:07:56]} h5 {[%emt 0:02:54]} 22. Qb3 {[%emt 0:03:44]} d6 {[%emt 0:01:51]} 23. e6 {[%emt 0:01:19]} axb4 {[%emt 0:00:51]} 24. axb4 {[%emt 0:02:58]} f6 {[%emt 0:07:21]} 25. Re1 {[%emt 0:01:49]} Ke7 {[%emt 0:00:09]} 26. Qa4 {[%emt 0:01:54]} Nb8 {[%emt 0:05:51]} 27. b5 {[%emt 0:04:26]} h4 {[%emt 0:01:22]} 28. Rd1 {[%emt 0:01:39]} Rh5 {[%emt 0:04:57]} 29. Bc4 {[%emt 0:13:07]} h3 {[%emt 0:13:02]} 30. Qa7 {[%emt 0:01:55]} hxg2+ {[%emt 0:00:15]} 31. Kg3 {[%emt 0:00:11]} Rc7 {[%emt 0:00:05]} 32. Qxb7 {[%emt 0:03:41]} Rxb7 {[%emt 0:00:10]} 33. b6 {[%emt 0:04:27]} Nc6 {[%emt 0:04:24]} 34. Be3 {[%emt 0:00:50]} Ne5 {[%emt 0:08:54]} 35. Bd5 {[%emt 0:01:29]} 1-0

[Event "95th Caplin Hastings Congress"]
[Site "Hastings"]
[Date "2020.01.01"]
[Round "5.20"]
[White "Stoyanov, Viktor"]
[Black "Patrick, Chaski"]
[Result "1-0"]
[WhiteElo "2272"]
[BlackElo "2131"]
[Annotator "TA"]
[PlyCount "83"]
[EventDate "2019.12.28"]
[EventType "swiss"]
[EventCountry "ENG"]
[SourceTitle "playchess.com"]
[Source "ChessBase"]
[SourceQuality "1"]

{[%evp 15,83,32,64,75,70,54,66,37,55,37,49,35,33,35,34,36,33,29,26,3,34,0,10,0,0,3,156,143,176,131,137,80,72,90,77,73,138,144,518,515,583,576,1067,541,728,578,682,433,550,506,716,707,706,651,694,701,693,668,807,648,988,981,1190,1154,1254,1278,2716,2475,1739,1573]} 1. d4 Nf6 2. c4 d6 3. Nc3 e5 4. Nf3 exd4 5. Nxd4 Nc6 6. Nxc6 bxc6 7. g3 Bd7 8. Bg2 Be7 9. O-O {A54: Old Indian Defence with Nf3, but without e4} O-O 10. Qc2 (10. b3 Re8 11. Bb2 a5 12. Re1 h5 13. Qd4 h4 14. Rad1 h3 15. Bf3 Qc8 16. Na4 Rb8 {½-½ (39) Stieger,H (2407)-Leupold,V (2390) ICCF email 2014}) 10... a5 $146 ({Predecessor:} 10... Qc8 11. Re1 a5 12. b3 h6 13. Bb2 Nh7 14. f4 Re8 15. Ne4 Bf8 16. Nf2 a4 {½-½ (58) Hoegerl,G (2077)-Schlick,V (2210) Germany 2005}) 11. Rd1 {White is slightly better.} Qc8 12. b3 Ra6 13. c5 d5 14. Be3 Bf5 15. Qd2 Qe6 16. Bd4 Rb8 17. f3 h5 18. e3 Raa8 19. Rac1 Nd7 20. Ne2 g5 $2 (20... Qh6 $11) 21. Ba1 $16 {[#] And now Nd4 would win.} Bf6 22. Nd4 Bxd4 23. Bxd4 ({White should play} 23. Qxd4 {[%csl Ga1][%cal Rd4h8]} Qh6 24. e4 dxe4 25. fxe4) 23... f6 24. e4 $36 {[%mdl 2048] Black is under strong pressure.} dxe4 25. fxe4 Bg4 (25... Bg6 $142) 26. Rf1 Ne5 $2 {[%mdl 8192] [#]} (26... Rf8 $16 {is a better chance.} 27. Rf2 a4) 27. h3 $1 $18 {[%mdl 512] White is clearly winning.} Rd8 (27... Bxh3 28. Bxh3) 28. hxg4 Qxg4 29. Qe3 Qe6 30. Rcd1 Kg7 31. Bc3 Kg6 32. Qf2 Rxd1 33. Qf5+ Qxf5 34. exf5+ Kf7 {White must now prevent ...Rd3.} 35. Rxd1 Re8 36. Bxa5 Ng4 37. Re1 Ra8 38. Bxc7 Rxa2 39. Bxc6 h4 40. Bf3 Nh2 41. Bh5+ Kg7 42. gxh4 {Accuracy: White = 52%, Black = 25%.} 1-0

[Event "95th Caplin Hastings Congress"]
[Site "Hastings"]
[Date "2020.01.01"]
[Round "5.21"]
[White "Unnikrishnan, Midhun P"]
[Black "Ratsma, Midas"]
[Result "1-0"]
[WhiteElo "2135"]
[BlackElo "2270"]
[Annotator "TA"]
[PlyCount "83"]
[EventDate "2019.12.28"]
[EventType "swiss"]
[EventCountry "ENG"]
[SourceTitle "playchess.com"]
[Source "ChessBase"]
[SourceQuality "1"]

{[%evp 14,83,16,8,18,7,2,-29,-33,-31,-17,-48,-49,-59,-54,-68,-72,-45,-84,-74,-45,-70,-27,-121,-127,-148,-96,-154,110,108,122,114,114,114,119,108,319,319,499,237,490,139,508,481,718,702,682,520,518,500,572,510,443,357,405,401,440,431,405,423,554,540,547,546,545,537,544,537,510,515,533,524]} 1. Nf3 d5 2. g3 e6 3. c4 d4 4. Bg2 Nf6 5. O-O c5 6. e3 Nc6 7. exd4 cxd4 8. d3 Bd6 {A13: English Opening: 1...e6} 9. a3 a5 10. b3 O-O {Black has an edge.} 11. Re1 Re8 12. Ra2 $146 ({Predecessor:} 12. Qc2 e5 13. Bg5 h6 14. Bxf6 Qxf6 15. Nbd2 Bf8 16. c5 Qe7 17. Rac1 {½-½ (57) Sargissian,G (2691)-Mastrovasilis,D (2594) Batumi 2018}) 12... e5 13. Rae2 h6 $36 {[%mdl 2048] White is under pressure.} 14. c5 Bc7 15. b4 axb4 16. axb4 Nxb4 17. Nxe5 Ra2 (17... Rxe5 {keeps more tension.} 18. Rxe5 Bxe5 19. Rxe5 Qc7 20. Bf4 Qd7) 18. Nxf7 (18. Rxa2 $11 {keeps the balance.} Nxa2 19. Nf3) 18... Raxe2 $17 19. Rxe2 Kxf7 20. Rxe8 Kxe8 $2 (20... Qxe8 $17 {stays on course.} 21. Qb3+ {[%mdl 64] Double Attack} Nbd5 $1 {[%mdl 512]} 22. Bxd5+ Kg6) 21. Qe1+ $16 {[%mdl 64] Double Attack} Qe7 22. Qxb4 {[%mdl 64] Double Attack} b6 {[#]} 23. Ba3 $1 bxc5 24. Qxc5 {[%csl Ga3][%cal Rc5e7]} Qe1+ $2 (24... Qxc5 $16 25. Bxc5 Bf5 26. Bxd4 Bxd3) 25. Bf1 $18 Ng4 (25... Kd8 {might work better.} 26. Nd2 (26. Qxd4+ Bd7 $18) 26... Bh3 27. Qxd4+ Bd7) 26. Qf8+ {[%mdl 64] Double Attack} Kd7 {[#]} 27. Qf7+ $2 (27. Nd2 $1 $18 {[%mdl 512] and the rest is easy. Ne4 is the strong threat.} Nxf2 (27... Qxd2 28. Qe7+) 28. Qf5+ Kd8 29. Qxf2 Qxf2+ 30. Kxf2) 27... Kd8 $2 {[%mdl 8192] [#]} (27... Kc6 $16 {is tougher.}) 28. Nd2 $1 {[%mdl 512] Hoping for Ne4.} Qe5 (28... Qe8 $142 29. Qxg7 Bd7) (28... Qxd2 29. Qe7#) 29. Ne4 {aiming for Qf8+.} Bd7 30. Nc5 {[%csl Gc5][%cal Rf7d7]} Bc6 31. Qg8+ Be8 32. Ne6+ Kd7 33. Qxg7+ Qxg7 34. Nxg7 Ne5 35. Bh3+ Kd8 36. f4 Ng6 {White is clearly winning.} 37. Ne6+ Kc8 38. Nxc7+ Kxc7 39. Bb2 Bb5 40. Bf1 Ne7 41. Bxd4 Nc6 42. Bg7 {Accuracy: White = 58%, Black = 41%.} 1-0

[Event "95th Caplin Hastings Congress"]
[Site "Hastings"]
[Date "2020.01.01"]
[Round "5.22"]
[White "Lyell, Mark"]
[Black "Pekin, Tolgay"]
[Result "1-0"]
[WhiteElo "2265"]
[BlackElo "2080"]
[Annotator "TA"]
[PlyCount "93"]
[EventDate "2019.12.28"]
[EventType "swiss"]
[EventCountry "ENG"]
[SourceTitle "playchess.com"]
[Source "ChessBase"]
[SourceQuality "1"]

{[%evp 10,95,10,5,39,41,23,25,30,17,56,49,126,111,124,40,39,52,42,30,62,73,70,66,225,216,256,227,249,265,287,283,284,274,504,460,494,425,417,414,731,303,772,764,803,783,745,407,409,382,428,416,395,402,465,433,454,339,334,340,296,282,402,306,407,390,537,555,538,528,584,585,563,564,658,617,913,906,876,892,856,866,1056,1036,1026,920,1403,1438]} 1. e4 c5 2. Nc3 Nc6 3. Bb5 Nd4 4. Nf3 Nxb5 5. Nxb5 d6 6. d4 a6 {B23: Closed Sicilian: Lines without g3} (6... Nf6 7. Qd3 a6 8. Nc3 cxd4 9. Nxd4 e6 10. Bg5 Be7 11. O-O-O Qc7 12. f4 b5 13. a3 O-O 14. h4 {½-½ (31) Safarli,E (2681)-Tabatabaei,M (2590) Bandar e Anzali 2019}) 7. Nc3 cxd4 8. Qxd4 e5 {White has an edge.} 9. Qb4 Nf6 $146 ({Predecessor:} 9... h6 10. Be3 Nf6 11. Bb6 Qe7 12. Rd1 Be6 13. O-O Qd7 14. Qa5 {0-1 (60) Barseghyan,A (2380)-Pridorozhni,A (2568) Moscow 2019}) 10. Bg5 a5 (10... d5 $14 11. Qb3 dxe4 12. Nxe5 Qe7 13. Qa4+ b5 14. Nxb5 {[%mdl 64] Pin} Qb4+ 15. Nc3+ Qxa4 16. Nxa4 h6 17. Bxf6 gxf6) 11. Qb5+ $16 Bd7 12. Qe2 (12. Bxf6 $16 gxf6 13. Qd3 (13. Qxb7 Rb8 $14)) 12... Be7 13. O-O-O $36 {[%mdl 2048] White has the initiative.} Ra6 14. Rd3 Qb8 15. Rhd1 h6 16. Bxf6 gxf6 $2 ({Black should play} 16... Bxf6 $14 17. Qd2 Be7) 17. Nh4 $18 Rg8 18. h3 Qc8 19. Nd5 Rc6 20. Qd2 Bd8 21. Ne3 Be6 $2 (21... Be7 22. Nhf5 (22. Qxa5 Ra6 $16) 22... Bxf5 23. Nxf5 {[%mdl 64] Discovered Attack} (23. exf5 b6 $16) 23... Qc7) 22. Nhf5 Be7 23. Nxd6+ Bxd6 24. Rxd6 Ke7 {[#]} (24... Rxd6 $142 25. Qxd6 Qd7) 25. Nd5+ (25. Nf5+ $142 $1 {[%mdl 512]} Bxf5 26. exf5) 25... Bxd5 $2 (25... Kxd6 26. Nb6+ {[%mdl 64] Discovered Attack} Ke7 27. Nxc8+ Rgxc8) 26. Rxd5 Rc7 27. g4 Qe6 28. Qxa5 Rgc8 29. c3 Kf8 30. Rd8+ Kg7 31. Qb4 {[#] Intending Qf8+ and mate.} Rxd8 32. Rxd8 {[%mdl 4096] Endgame Qf8+ would kill now. KQR-KQR} Re7 33. Qa3 {aiming for Qa8.} Re8 34. Rxe8 Qxe8 {KQ-KQ} 35. Qb4 Qd7 (35... b5 {was worth a try.} 36. Kd2 Qd7+ 37. Ke2 h5) 36. Kc2 Qe6 37. a4 Qa6 38. Qb5 {Qxa6 is the strong threat.White is clearly winning.} Qa7 39. Kb3 b6 40. c4 Qc7 41. Qd5 h5 42. gxh5 Kh6 43. Kb4 Qa7 44. b3 {[%cal Bb2b3,Bb3b4][%mdl 32]} Kxh5 45. Kb5 Kh4 46. b4 Kxh3 47. Qd8 {Played: Qd5-c6} 1-0

[Event "95th Caplin Hastings Congress"]
[Site "Hastings"]
[Date "2020.01.01"]
[Round "5.23"]
[White "Wall, Tim P"]
[Black "Comellas Blanchart, Jordi"]
[Result "1/2-1/2"]
[WhiteElo "2218"]
[BlackElo "2064"]
[Annotator "TA"]
[PlyCount "43"]
[EventDate "2019.12.28"]
[EventType "swiss"]
[EventCountry "ENG"]
[SourceTitle "playchess.com"]
[Source "ChessBase"]
[SourceQuality "1"]

{[%evp 11,43,20,20,22,20,20,28,26,48,34,35,33,33,36,42,26,61,61,48,62,72,58,85,5,15,-34,0,-39,-39,-41,-41,-39,-27,-90]} 1. d4 Nf6 2. Bg5 c5 3. Bxf6 gxf6 4. d5 Qb6 5. Qc1 Bg7 6. c4 f5 7. Nc3 {A45: Trompowsky Attack} d6 8. e3 Nd7 9. Qc2 {White has an edge.} (9. Nh3 Nf6 10. Be2 Ne4 11. O-O Nxc3 12. bxc3 Qa5 13. Rb1 Qxc3 14. Qd1 b6 {½-½ (75) Vitiugov,N (2719)-Nakamura,H (2746) St Petersburg 2018}) 9... O-O 10. Nh3 Nf6 11. Bd3 e6 12. O-O Bd7 13. Rab1 {[#]} a5 $146 ({Predecessor:} 13... Kh8 14. g3 Rae8 {0-1 (55) Schon,E (2318)-Zhao,Z (2564) Sydney 2015}) 14. e4 fxe4 15. Nxe4 Nxe4 16. Bxe4 Qd8 17. Rbd1 (17. Bxh7+ $16 Kh8 18. Be4) 17... Qh4 $11 18. Rfe1 Be5 19. f4 Bd4+ 20. Kh1 exd5 21. Bxd5 Rae8 22. Rxe8 {Accuracy: White = 51%, Black = 59%.} (22. Qd2 $11) 1/2-1/2

[Event "95th Caplin Hastings Congress"]
[Site "Hastings"]
[Date "2020.01.01"]
[Round "5.24"]
[White "Brown, Thomas"]
[Black "Ratnesan, Ranesh"]
[Result "1/2-1/2"]
[WhiteElo "2116"]
[BlackElo "2213"]
[Annotator "TA"]
[PlyCount "86"]
[EventDate "2019.12.28"]
[EventType "swiss"]
[EventCountry "ENG"]
[SourceTitle "playchess.com"]
[Source "ChessBase"]
[SourceQuality "1"]

{[%evp 13,86,18,20,14,8,-6,33,20,17,18,37,43,48,53,63,8,75,37,64,50,54,56,52,41,60,49,55,52,54,26,23,18,19,22,85,87,81,77,79,49,145,66,68,73,68,30,25,13,34,16,122,0,48,0,0,-463,382,390,408,405,716,702,898,862,1385,0,0,0,0,0,0,0,0,0,0]} 1. c4 c5 2. g3 Nc6 3. Bg2 g6 4. Nc3 Bg7 5. e3 e5 6. Nge2 Nge7 7. O-O d6 8. d3 {A36: Symmetrical English vs ...g6: 4 Bg2 Bg7} (8. a3 a5 9. Nd5 O-O 10. Nec3 Nxd5 11. Nxd5 a4 12. d3 Bd7 13. b4 axb3 14. Qxb3 Na5 15. Qb6 e4 16. Bd2 Bxa1 17. Rxa1 Qxb6 18. Nxb6 {1-0 (48) Vachier Lagrave,M (2780)-Salomon,J (2494) chess.com INT 2019}) 8... Be6 9. a3 Qd7 10. Nd5 {White is slightly better.} O-O 11. Rb1 Rad8 12. b4 $146 ({Predecessor:} 12. Nec3 f5 13. b4 Nc8 14. bxc5 dxc5 15. Qb3 {0-1 (56) Zaninetti,L (1984)-Bleuzen,C (2046) France 2010}) 12... b6 13. b5 Nb8 14. a4 (14. Nec3 $14) 14... f5 (14... Nxd5 $11 15. cxd5 Bh3) 15. a5 Nxd5 16. cxd5 Bf7 17. axb6 axb6 18. Nc3 Qb7 19. Bd2 Nd7 20. Qb3 Ra8 21. Ra1 Ra7 22. Rxa7 Qxa7 23. e4 Be8 (23... Nf6 $11) 24. Qb2 f4 25. Ra1 Qc7 26. Bh3 Nf6 (26... c4 $1 $14) 27. Qa2 (27. gxf4 $6 exf4 28. Ra8 Qe7 $11) ({White should play} 27. Be6+ $16 Bf7 28. Ra6 (28. gxf4 exf4 29. Bxf4 Qe7 $11)) 27... Bd7 $14 28. Be6+ Kh8 29. Qa7 Qc8 $1 30. Bxd7 (30. Qxb6 Bxe6 31. Qc6 (31. dxe6 Qxe6 32. f3 Qh3 $19) 31... Bh3 $19) 30... Nxd7 31. Qa6 $36 {[%mdl 2048] Black must now prevent Qxc8. Black is under pressure.} Qd8 {[#]} (31... Qc7 $11 {keeps the balance.}) 32. Be1 (32. Qb7 $1 $16) 32... Qg5 33. Qb7 Nf6 34. Qxb6 $2 {[%mdl 8192]} (34. Ra8 $11 {and White is okay.}) 34... Qg4 $4 {[%mdl 8192]} (34... Qh6 $19 {and life is good for Black.} 35. Nd1 (35. Qxd6 $2 Ng4 $19) 35... fxg3 36. fxg3 Ng4) 35. Qxd6 $18 Qh3 {( -> ...f3)} 36. f3 Qh5 {[#]} (36... Qh6 $142 37. Qxc5 fxg3 38. hxg3 g5) 37. b6 $1 {[%cal Bb5b6,Bb6b7][%mdl 32]} Qxf3 38. b7 Nd7 39. g4 $2 ({White has to play} 39. Qxd7 $18 Qxd3 40. Rb1 fxg3 41. hxg3 (41. b8=Q $2 {leads to mate.} Qf1#) 41... Qf1+ 42. Kh2) 39... Qxg4+ $11 {The position is equal.} 40. Kh1 Qf3+ 41. Kg1 Qg4+ 42. Kh1 Qf3+ 43. Kg1 Qg4+ {Accuracy: White = 42%, Black = 30%.} 1/2-1/2

[Event "95th Caplin Hastings Congress"]
[Site "Hastings"]
[Date "2020.01.01"]
[Round "5.25"]
[White "Brouwer, Dennis"]
[Black "Anuprita, Patil"]
[Result "1-0"]
[WhiteElo "2202"]
[BlackElo "2025"]
[Annotator "TA"]
[PlyCount "113"]
[EventDate "2019.12.28"]
[EventType "swiss"]
[EventCountry "ENG"]
[SourceTitle "playchess.com"]
[Source "ChessBase"]
[SourceQuality "1"]

{[%evp 19,113,21,17,17,21,13,14,1,14,4,14,15,45,50,47,50,47,46,45,65,59,66,57,55,70,55,55,56,61,55,75,75,75,75,80,81,79,75,75,0,75,0,79,75,75,75,75,0,75,75,75,68,95,81,75,75,81,77,81,75,82,58,97,97,97,90,131,132,138,141,138,138,181,123,158,158,158,158,170,174,174,145,189,187,235,176,227,0,342,256,29991,29992,29993,29994,29995,29996]} 1. c4 e6 2. Nc3 d5 3. e3 Nf6 4. Nf3 Be7 5. b3 O-O 6. Bb2 b6 7. cxd5 exd5 8. d4 Bb7 9. Bd3 Nbd7 10. O-O Ne4 11. Qc2 {[%cal Rc3e4] E14: Queen's Indian: Classical Variation (4 e3)} Ndf6 12. Rac1 (12. Ne5 Bd6 13. Nb5 Qe7 14. Nxd6 cxd6 15. Nf3 Ng4 16. Qe2 Rac8 17. h3 Nh6 18. Rac1 Nf5 19. Rxc8 Rxc8 {0-1 (83) Goganov,A (2612)-Sargissian,G (2689) St Petersburg 2018}) 12... Nxc3 13. Qxc3 {The position is equal.} Bd6 {[#]} 14. Ne5 $146 ({Predecessor:} 14. b4 Ne4 15. Qb3 a5 16. a3 Qe8 17. b5 a4 18. Qc2 Qe7 {½-½ (64) Markowski,T (2551)-Simacek,P (2502) Czech Republic 2019}) 14... Ne4 15. Qc2 f6 16. Bxe4 {[%mdl 64] [#] Overworked Piece} dxe4 17. Qc4+ Kh8 18. Nf7+ Rxf7 $1 19. Qxf7 Bd5 20. Qh5 c6 21. Rc2 Qd7 22. f4 a5 23. Bc3 b5 24. Rfc1 Ba3 25. Rb1 Bf8 26. Qd1 Be7 27. Qe1 Bd8 28. Kh1 Bc7 29. Kg1 Bd8 $1 30. Kh1 Bc7 $1 31. Bd2 Bd8 32. Kg1 Bc7 33. Kh1 Bd8 34. h3 Bc7 35. Kg1 Bd8 36. Kh2 Bc7 37. Kh1 Bd8 38. Bc3 Bc7 39. Qh4 Bd6 40. g4 Be7 41. f5 a4 42. Qe1 Bd6 43. Bb4 Bc7 44. Rbb2 h6 45. Rc3 Bb8 46. Bc5 ({White should try} 46. bxa4 $18 Rxa4 47. Ra3) 46... Bc7 47. bxa4 Rxa4 48. Ra3 {Threatens to win with Rxa4.} Rxa3 49. Bxa3 Kh7 50. Qb4 Qc8 51. Rg2 Qa6 52. Kg1 Ba5 (52... Bc4 $142 53. h4 Bd8) 53. Qe7 $2 ({Better is} 53. Qd6 $18) 53... Be1 $2 {[%mdl 8192]} (53... b4 $1 $11 54. Bc1 (54. Bxb4 Qd3 $11) 54... Qd3) 54. Bd6 {Black must now prevent g5.} Bxa2 $2 (54... Qc8 $18 55. a3 Bh4) 55. g5 {[%mdl 64] Deflection. White mates.} hxg5 {[#]} 56. Rxg5 $1 {[%mdl 512]} fxg5 57. Be5 {Accuracy: White = 66%, Black = 56%.} 1-0

[Event "95th Caplin Hastings Congress"]
[Site "Hastings"]
[Date "2020.01.01"]
[Round "5.26"]
[White "Persson, Andreas"]
[Black "Bin-Suhayl, Ieysaa"]
[Result "1-0"]
[WhiteElo "2112"]
[BlackElo "2187"]
[Annotator "TA"]
[PlyCount "51"]
[EventDate "2019.12.28"]
[EventType "swiss"]
[EventCountry "ENG"]
[SourceTitle "playchess.com"]
[Source "ChessBase"]
[SourceQuality "1"]

{[%evp 15,51,25,25,20,73,15,22,-6,1,0,0,0,0,0,58,69,54,72,66,0,0,0,490,481,486,481,472,469,465,460,471,456,1629,1642,1208,616,616,610]} 1. d4 Nf6 2. Nf3 c5 3. d5 e6 4. Nc3 Nxd5 5. Nxd5 exd5 6. Qxd5 Nc6 7. e4 Be7 8. Bc4 O-O 9. Qh5 {A43: Schmid Benoni} (9. O-O d6 10. Qd3 Kh8 11. Bf4 f5 12. e5 Nb4 13. Qd2 d5 14. Be2 Na6 15. Bxa6 bxa6 16. Rfe1 Be6 17. c3 a5 {1-0 (53) Sandipan,C (2575)-Gomez,J (2474) Chengdu 2017}) 9... Qe8 (9... d6 $11 {keeps the balance.}) 10. Be3 (10. Bf4 $16) 10... d6 $11 11. h4 {The position is equal.} Bf6 12. Ng5 {[%csl Gg5][%cal Rh5h7]} h6 $1 13. O-O-O $40 {[%mdl 128] White attacks.} Ne5 14. Be2 Qc6 $146 (14... Ng6 $11) ({Predecessor:} 14... Qa4 15. Kb1 Nc6 16. c3 Be6 17. Nxe6 Qxe4+ {0-1 (39) Berend,F (2275)-Nascimento,A (2295) Manila 1992}) 15. f4 $14 Bxg5 16. hxg5 Qxe4 {[%mdl 64] Double Attack} 17. fxe5 (17. Kb1 $1 $14 Qxe3 18. fxe5) 17... Qxe3+ $11 {[%mdl 64] Double Attack} 18. Kb1 dxe5 $2 {[%mdl 8192]} (18... Qxg5 $11 {and Black is okay.} 19. exd6 Be6) 19. gxh6 $18 {White is clearly winning.} g6 20. h7+ Kh8 21. Qh4 {[%cal Rh4f6]} Qf4 {[#]} 22. Qe7 $1 {[%csl LRc5,LRf8][%cal Re7f8][%mdl 512]} Be6 {[#]} 23. g3 $1 {[%cal Rg3f4]} Qf2 (23... Qf5 $142 24. g4 (24. Qxb7 Rab8 $11) 24... Bxa2+ 25. Kxa2 Qe6+ 26. Qxe6 fxe6) 24. Rdf1 Rae8 25. Qxf8+ (25. Rxf2 $2 {perishes.} Rxe7 26. b3 Rd8 $19) 25... Rxf8 26. Rxf2 {Accuracy: White = 46%, Black = 42%.} 1-0

[Event "95th Caplin Hastings Congress"]
[Site "Hastings"]
[Date "2020.01.01"]
[Round "5.27"]
[White "Gallagher, Daniel GH"]
[Black "Spanton, Tim R"]
[Result "1-0"]
[WhiteElo "2171"]
[BlackElo "1951"]
[Annotator "TA"]
[PlyCount "53"]
[EventDate "2019.12.28"]
[EventType "swiss"]
[EventCountry "ENG"]
[SourceTitle "playchess.com"]
[Source "ChessBase"]
[SourceQuality "1"]

{[%evp 9,53,78,76,68,76,72,106,97,90,95,258,216,471,486,554,496,499,475,491,492,491,495,490,491,478,472,489,475,474,456,527,408,789,518,695,536,29988,29989,29989,99,99,0,29989,412,29990,29991]} 1. b3 b6 2. e4 (2. Bb2 Bb7 3. Nf3 Nf6 4. e3 e6 5. c4 d5 6. Nc3 Nbd7 7. d4 Ne4 8. Bd3 Bb4 9. Rc1 Bxc3+ 10. Bxc3 Nxc3 11. Rxc3 dxc4 12. Rxc4 c5 13. dxc5 Nxc5 {½-½ (26) Durarbayli,V (2637)-Abasov,N (2641) Konya 2019}) 2... e5 3. Nf3 Nc6 4. Bb2 f6 $146 ({Predecessor:} 4... Nf6 5. Nc3 Bb4 6. Bc4 O-O 7. O-O d6 8. Nd5 Bc5 9. Nxf6+ Qxf6 {½-½ (34) Aligil,T-Akgoz,F Konya 2017}) 5. Bc4 Nge7 6. O-O {A01: Nimzowitsch-Larsen Opening} Na5 ({Wrong is} 6... d5 $2 7. exd5 Nxd5 8. d4 $16) 7. Be2 Bb7 8. d4 {White is better.} exd4 9. Nxd4 Bxe4 $2 (9... Nac6 $16) 10. Nc3 $18 d5 $2 (10... Bg6 11. Re1 c6) 11. b4 Nac6 12. Nxc6 Nxc6 13. Bb5 Qd7 14. Nxe4 dxe4 15. Qh5+ g6 16. Qh4 {[%mdl 64] [#] Double Attack} O-O-O 17. Bxf6 Be7 18. Bxc6 {[%mdl 64] Overworked Piece} Qxc6 19. Bxe7 Rd5 20. Qf6 Qe8 (20... Qxf6 $142 21. Bxf6 Re8) 21. Qe6+ Rd7 22. Qxe4 {[%cal Re4a8]} Rxe7 23. Qa8+ {[%mdl 64] Double Attack} Kd7 24. Qd5+ $2 (24. Rad1+ {mates} Ke6 25. Qf3 Qb5 26. Rfe1+ Qe5 27. Rxe5+ Kxe5 28. Re1+ Kd6 {[#]} 29. Qf6+ $1 {[%mdl 576] Double Attack} Kd5 30. Rxe7) 24... Kc8 $16 25. Qa8+ $2 {[%mdl 8192]} (25. c4 $16 Kb8 26. c5) 25... Kd7 26. Rad1+ Ke6 27. Qf3 {Accuracy: White = 68%, Black = 35%.} 1-0